000 00850nam a2200253 a 4500
001 000011120
005 20200929162351.0
008 091014s2005 pr 001 0 spa d
020 _a1932271228
040 _aDO-SdBNP
_bspa
_cBNPHU
082 _aPR861.44
_bR292t
100 1 _aRebollo-Gil, Guillermo
_d1979-
_912650
245 1 0 _aTeoría de conspiración /
_cGuillermo Rebollo-Gil ; prólogo Urayoán Noel.
260 _aSan Juan, Puerto Rico : Santo Domingo :
_bIsla Negra,
_c2005.
300 _a59 p. ;
_c22 cm.
490 1 _aFilo de juego
500 _aIncluye datos biográficos del autor en la solapa
650 4 _aPoesía puertorriqueña
_91015
650 4 _aLiteratura puertorriqueña
_9250
700 1 2 _aNoel, Urayoán
_epról.
_926633
830 0 _aFilo de juego
_91014
910 _aValidado. Control de calidad MFF
049 _aBNGE
999 _c10845
_d10845